Evropská ekonomika ve střednědobé perspektivě

Prognózy ekonomických perspektív členských štátov Európskej únie. Ich vzájomné porovnanie.

Saved in:
Bibliographic Details
Main Author: Sereghyová, Jana
Format: Book Chapter
Language:Czech
Subjects:
Tags: Add Tag
No Tags, Be the first to tag this record!

MARC

LEADER 00000naa a2200000 4500
001 0145926
005 20220928103007.6
041 0 |a cze 
044 |a CZ 
245 1 0 |a Evropská ekonomika ve střednědobé perspektivě  |c Jana Sereghyová 
520 |a Prognózy ekonomických perspektív členských štátov Európskej únie. Ich vzájomné porovnanie. 
610 2 0 |a prognózy hospodárske 
610 2 0 |a vývoj hospodársky 
610 2 0 |a prognózy strednodobé 
610 2 0 |a Európska únia 
610 2 0 |a analýza ekonomická 
610 2 0 |a ukazovatele makroekonomické 
100 1 |a Sereghyová, Jana